000 00592nam a22002177a 4500
003 OSt
005 20160523144816.0
008 160523b xxu||||| |||| 00| 0 eng d
020 _a0340764082
040 _cDNLM
082 _aQU85 B466c 2003
100 _aBetteridge, D.J.; Morrell, J.M
_98893
245 _aClinician's Guide to Lipids and Coronary Heart Disease
250 _a2nd ed.
260 _aLondon; Arnold, 2003
300 _axvi,368p; col.ill: 25cm
504 _aIndex included
650 _aHeart Disease
_94811
650 _aLipids and Coronary
_98894
942 _2z
_cO_SHELF
999 _c4123
_d4123